000
00190 a2200097 4500
001
4868
100
_a
B;urgess,E
245
_a
Guide Weapons
260
_a
_b
chapman
_c
090
_c
4059
_d
4059
942
_a
NUST-CAE
_c
M
_c
30333
999
_c
239941
_d
239941